Plant physiology

Αποθηκεύτηκε σε:
Λεπτομέρειες βιβλιογραφικής εγγραφής
Κύριοι συγγραφείς: Taiz, Lincoln (Συγγραφέας), Zeiger, Eduardo (Συγγραφέας)
Μορφή: Βιβλίο
Γλώσσα:Αγγλικά
Έκδοση: Sunderland Sinauer Associates 2002
Έκδοση:3a. ed
Θέματα:
Ετικέτες: Προσθήκη ετικέτας
Δεν υπάρχουν, Καταχωρήστε ετικέτα πρώτοι!

MARC

LEADER 00000nam a2200000 a 4500
001 UCL4491
003 CL-VaPUC
005 20240807132444.0
008 040116e20020000US |||||||||||||||||eng|d
999 |c 307316  |d 307314 
020 |a 0878938230 
040 |c Pontificia Universidad Católica de Valparaíso 
082 0 4 |a 571.2  |b TAI  |2 21 
100 0 |a Taiz, Lincoln  |e author  |9 482012 
245 1 0 |a Plant physiology 
250 |a 3a. ed 
260 |a Sunderland  |b Sinauer Associates  |c 2002 
300 |a 690 p 
500 |a Proyecto Fondo Fomento Actualización Docente 
583 |a last modification  |c 20040116 00:00:00  |k Rodrigo Vera 
650 0 |a Fisiología vegetal  |9 426114  |x Fisiología de las plantas 
650 0 |a Plant physiology  |9 890563 
700 0 |a Zeiger, Eduardo  |e author  |9 482013 
942 |c BK  |2 ddc 
945 |d 20040116 00:00:00  |a cmena 
952 |0 0  |1 0  |4 0  |6 571_200000000000000_TAI_2002  |7 0  |8 A  |9 373174  |a BIBCUR  |b BIBCUR  |d 2019-11-21  |i 3983226  |o 571.2 TAI 2002  |p 3983226  |r 2025-04-22  |w 2019-11-21  |y BK  |k BCB